<?xml version="1.0" encoding="UTF-8"?>
<collection xmlns="http://www.loc.gov/MARC21/slim">
    <record>
        <controlfield tag="001">94389</controlfield>
        <controlfield tag="005">20200717161050.0</controlfield>
        <datafield tag="037" ind1=" " ind2=" ">
            <subfield code="a">GDOC-2019-68812</subfield>
        </datafield>
        <datafield tag="041" ind1=" " ind2=" ">
            <subfield code="a">spa</subfield>
        </datafield>
        <datafield tag="041" ind1=" " ind2=" ">
            <subfield code="a">eng</subfield>
        </datafield>
        <datafield tag="100" ind1=" " ind2=" ">
            <subfield code="0">''</subfield>
            <subfield code="1">333377</subfield>
            <subfield code="a">NURIA JULIA AYERRA, DUESCA</subfield>
        </datafield>
        <datafield tag="245" ind1="0" ind2="0">
            <subfield code="9">68812</subfield>
            <subfield code="a">La situación de las mujeres en el mercado laboral</subfield>
        </datafield>
        <datafield tag="242" ind1="0" ind2="0">
            <subfield code="9">68812</subfield>
            <subfield code="a">Women's situation in the job market</subfield>
        </datafield>
        <datafield tag="260" ind1=" " ind2=" ">
            <subfield code="a">Zaragoza</subfield>
            <subfield code="b">Universidad de Zaragoza</subfield>
            <subfield code="c">2019-2020</subfield>
        </datafield>
        <datafield tag="521" ind1=" " ind2=" ">
            <subfield code="9">611</subfield>
            <subfield code="a">Máster Universitario en Relaciones de Género</subfield>
            <subfield code="b">Master's in Gender Relations</subfield>
        </datafield>
        <datafield tag="540" ind1=" " ind2=" ">
            <subfield code="a">by-nc-sa</subfield>
            <subfield code="b">Creative Commons</subfield>
            <subfield code="c">3.0</subfield>
            <subfield code="u">http://creativecommons.org/licenses/by-nc-sa/3.0/</subfield>
        </datafield>
        <datafield tag="700" ind1=" " ind2=" ">
            <subfield code="0">(orcid)0000-0001-6806-5853</subfield>
            <subfield code="1">130437</subfield>
            <subfield code="a">MARÍA PILAR ERDOZAÍN, AZPILICUETA</subfield>
        </datafield>
        <datafield tag="700" ind1=" " ind2=" ">
            <subfield code="0">(orcid)0000-0002-5746-1372</subfield>
            <subfield code="1">327666</subfield>
            <subfield code="a">CHABIER GIMENO, MONTERDE</subfield>
        </datafield>
        <datafield tag="700" ind1=" " ind2=" ">
            <subfield code="0">(orcid)0000-0002-4407-607X</subfield>
            <subfield code="1">306960</subfield>
            <subfield code="a">MARÍA CARIDAD LÓPEZ, SÁNCHEZ</subfield>
        </datafield>
        <datafield tag="700" ind1=" " ind2=" ">
            <subfield code="0">(orcid)0000-0001-9729-7688</subfield>
            <subfield code="1">128938</subfield>
            <subfield code="a">DAVID PAC, SALAS</subfield>
        </datafield>
        <datafield tag="700" ind1=" " ind2=" ">
            <subfield code="0">(orcid)0000-0003-4047-043X</subfield>
            <subfield code="1">323570</subfield>
            <subfield code="a">SONIA ISABEL PEDROSA, ALQUÉZAR</subfield>
        </datafield>
        <datafield tag="700" ind1=" " ind2=" ">
            <subfield code="0">(orcid)0000-0003-0662-3156</subfield>
            <subfield code="1">383878</subfield>
            <subfield code="a">AGUSTÍN SANCHO, SORA</subfield>
        </datafield>
        <datafield tag="830" ind1=" " ind2=" ">
            <subfield code="9">460</subfield>
        </datafield>
        <datafield tag="856" ind1="4" ind2=" ">
            <subfield code="s">16269</subfield>
            <subfield code="u">http://zaguan.unizar.es/record/94389/files/guia-68812-es.pdf</subfield>
            <subfield code="y">Guía (idioma español)</subfield>
        </datafield>
        <datafield tag="970" ind1=" " ind2=" ">
            <subfield code="a">GDOC-2019-68812</subfield>
        </datafield>
        <datafield tag="980" ind1=" " ind2=" ">
            <subfield code="a">GDOC</subfield>
            <subfield code="b">Ciencias Sociales y Jurídicas</subfield>
            <subfield code="b">Social Sciences and Law</subfield>
            <subfield code="c">108</subfield>
        </datafield>
    </record>

    
</collection>